| 000 | 00805cab a2200217 4500 | ||
|---|---|---|---|
| 001 | ABS48334 | ||
| 008 | 090401t1993 xxu||||| |||| 00| 0 eng d | ||
| 035 | _a(Sirsi) u66230 | ||
| 041 | _aeng | ||
| 100 | _aDay, M. | ||
| 245 | _aSpread contamination issues | ||
| 260 | _c1993 | ||
| 350 | _a0 | ||
| 490 |
_aEstates Times _v(1181) 19 March 1993, 11(1) |
||
| 520 | _aConcludes that valuation surveyors need to pool their experience of valuing contaminated land and establish consistency in their methods as a result of a survey of valuation surveyors on current practice in relation to contaminated land by the Evironmental Assessment Group. | ||
| 650 | _aCONTAMINATED LAND | ||
| 650 | _aRICS APPRAISAL AND VALUATION MANUAL | ||
| 690 | _aRATING AND VALUATION | ||
| 942 | _n0 | ||
| 948 | _c04/03/1997 | ||
| 999 |
_c41407 _d41407 |
||